Normal view MARC view
  • Montgomery L .M

Entry Personal Name

Number of records used in: 1

001 - CONTROL NUMBER

  • control field: 7265

003 - CONTROL NUMBER IDENTIFIER

  • control field: OSt

005 - DATE AND TIME OF LATEST TRANSACTION

  • control field: 20190618114814.0

008 - FIXED-LENGTH DATA ELEMENTS

  • fixed length control field: 190618|| aca||aabn | a|a d

040 ## - CATALOGING SOURCE

  • Original cataloging agency: OSt
  • Transcribing agency: OSt

100 ## - HEADING--PERSONAL NAME

  • Personal name: Montgomery L .M

670 ## - SOURCE DATA FOUND

  • Source citation: Work cat.: (OSt): Montgomery L .M, Anne of Green gables

Powered by Koha